000 00848nam a2200253Ia 4500
003 OSt
005 20221005113118.0
006 a|||||r|||| 00| 0
007 ta
008 221004b |||||||| |||| 00| 0 pan d
020 _c140
024 _a95121
037 _b216, 01/01/2009, H.K. Prakashan
_cTextual
040 _aCRL
_cCRL
_bpan
041 _2pan
_apan
082 _aO153,3NBINx, P3
100 _aਭਿੰਡਰ, ਰਣਜੀਤ ਸਿੰਘ
245 0 _aਬੁਲੰਦਪੁਰੀ
260 _aਦਿੱਲੀ
_bਮਨਪ੍ਰੀਤ ਪ੍ਰਕਾਨ ਭਾਰਤ
_c2003
300 _a120ਪੰ
_ccm.
650 _aਪੰਜਾਬੀ ਸਾਹਿਤ
942 _hO153,3NBINx, P3
_cTEXL
_2cc
999 _c1027094
_d1027094